MARC

Tag First Indicator Second Indicator Subfields
LEADER 00000cam a22000008a 4500
001 in00000990265
005 20160104122102.0
008 900718s1991 cau b 10100 eng
010 |a  90044479  
020 |a 0805807845 
035 |a (OCoLC)22239747 
035 |9 AEY9413AM 
040 |a DLC  |c DLC  |d TXA  |d UtOrBLW 
043 |a n-us--- 
049 |a TXAM 
050 0 0 |a HQ536  |b .F3787 1991 
082 0 0 |a 306.85/0973  |2 20 
245 0 0 |a Family transitions /  |c edited by Philip A. Cowan, E. Mavis Hetherington. 
263 |a 9009 
264 1 |a Hillsdale, N.J. :  |b L. Erlbaum Associates,  |c 1991. 
300 |a 319 pages :  |b illustrations 
336 |a text  |b txt  |2 rdacontent 
337 |a unmediated  |b n  |2 rdamedia 
338 |a volume  |b nc  |2 rdacarrier 
490 1 |a Advances in family research series 
500 |a Proceedings of the second annual Summer Institute sponsored by the Family Research Consortium held in 1987 in Santa Fe, New Mexico. 
504 |a Includes bibliographical references and indexes. 
650 0 |a Families  |z United States  |v Congresses. 
650 0 |a Parenting  |z United States  |x Congresses. 
650 0 |a Dysfunctional families  |z United States  |x Congresses. 
650 0 |a Life cycle, Human. 
700 1 |a Cowan, Philip A. 
700 1 |a Hetherington, E. Mavis  |q (Eileen Mavis),  |d 1926- 
710 2 |a Family Research Consortium.  |b Summer Institute  |n (2nd :  |d 1987 :  |c Santa Fe, N.M.) 
830 0 |a Advances in family research. 
999 |a MARS 
999 f f |s 3c2cfa0f-5cc0-3c0d-86bb-4da3f8dfc974  |i abb463aa-b9ab-33c6-84b5-ff1503859d62  |t 0 
952 f f |p ric  |a Texas A&M University  |b Rellis Campus  |c Joint Library Facility  |d Remote Storage  |t 0  |e HQ536 .F3787 1991  |h Library of Congress classification  |i unmediated -- volume  |m A14814697272 
998 f f |a HQ536 .F3787 1991  |t 0  |l Remote Storage